000 00547nam a22001817a 4500
005 20251108175033.0
008 250721s2007 xx 000 0 ara d
082 1 4 _aم/620/بلا
100 1 _aبلانشارد، بنيامين
245 1 0 _aإدارة هندسة النظم /
264 1 _aبيروت :
_bالمنظمة العربية للترجمة،
_c2007.
300 _a718ص.
650 1 7 _aالهندسة
650 1 7 _aهندسة النظم
700 1 _aالنجدي، حاتم
_eمترجم
942 _2ddc
_cREF
999 _c124579
_d124579